书目信息 |
| 题名: |
二十几岁必须知道的88条工作经验
|
|
| 作者: | 黄胜 编著 | |
| 分册: | ||
| 出版信息: | 北京 北京工业大学出版社 2010 |
|
| 页数: | 262页 | |
| 开本: | 25cm | |
| 丛书名: | ||
| 单 册: | ||
| 中图分类: | B026-49 | |
| 科图分类: | ||
| 主题词: | 工作经验--青年读物 , 工作经验 | |
| 电子资源: | ||
| ISBN: | 978-7-5639-2253-6 | |
| 000 | 00861nam0 2200241 45 | |
| 001 | 1133568031 | |
| 005 | 20110411165651.21 | |
| 010 | @a978-7-5639-2253-6@dCNY28.00 | |
| 100 | @a20100315d2010 em y0chiy0121 ea | |
| 101 | 0 | @achi |
| 102 | @aCN@b110000 | |
| 105 | @ay z 000yy | |
| 106 | @ar | |
| 200 | 1 | @a二十几岁必须知道的88条工作经验@AEr Shi Ji Sui Bi Xu Zhi Dao De 88 Tiao Gong Zuo Jing Yan@f黄胜编著@FHuang Sheng Bian Zhu |
| 210 | @a北京@c北京工业大学出版社@d2010 | |
| 215 | @a262页@d25cm | |
| 330 | @a本书对许多优秀员工的工作经验进行了总结, 包括对工作的认识、工作态度、做事方法等, 有利于让年轻人更快地进入工作状态, 更好地将工作做好, 从而成就自己的辉煌。 | |
| 606 | 0 | @a工作经验@j青年读物 |
| 606 | 0 | @a工作经验 |
| 690 | @aB026-49@v4 | |
| 701 | 0 | @a黄胜@AHuang Sheng@4编著 |
| 801 | 0 | @aCN@bTANGWEI@c20110411 |
| 905 | @b0534723-27@dB026-49@e110@f5 | |
| 二十几岁必须知道的88条工作经验/黄胜编著.-北京:北京工业大学出版社,2010 |
| 262页;25cm |
| ISBN 978-7-5639-2253-6:CNY28.00 |
| 本书对许多优秀员工的工作经验进行了总结, 包括对工作的认识、工作态度、做事方法等, 有利于让年轻人更快地进入工作状态, 更好地将工作做好, 从而成就自己的辉煌。 |
| ● |
| 相关链接 |
|
|
|
|
正题名:二十几岁必须知道的88条工作经验
索取号:B026-49/110
 
预约/预借
| 序号 | 登录号 | 条形码 | 馆藏地/架位号 | 状态 | 备注 |
| 1 | 0534723 | 205347230 | 第一样本阅览室/ [索取号:B026-49/110] | 在馆 | |
| 2 | 0534724 | 205347249 | 第一借阅区/ [索取号:B026-49/110] | 在馆 | |
| 3 | 0534725 | 205347258 | 第一借阅区/ [索取号:B026-49/110] | 在馆 | |
| 4 | 0534726 | 205347267 | 第一借阅区/ [索取号:B026-49/110] | 在馆 | |
| 5 | 0534727 | 205347276 | 第一借阅区/ [索取号:B026-49/110] | 在馆 |